Country flags without red and blue - Statistics

General Stats
  • This quiz has been taken 352 times
  • The average score is 8 of 8
Answer Stats
Picture Answer % Correct
IreIand
99%
Cyprus
98%
Pakistan
98%
Ivory coast
97%
Jamaica
97%
Nigeria
97%
Saudi Arabia
97%
Niger
92%
No matching quizzes found
Score Distribution
Percent of People with Each Score
Percentile by Number Answered
Your Score History
You have not taken this quiz